Statistics for Lowest GDP Per Capita Europe

Click here to take the quiz!

General Stats

  • This quiz has been taken 201 times
  • The average score is 19 of 20

Answer Stats

GDP per CapitaCountry% Correct
6,300Bulgaria
98%
14,600Estonia
98%
18,440Slovakia
98%
5,500Belarus
98%
7,038Serbia
97%
15,097Latvia
97%
4,000Albania
97%
4,350Ukraine
97%
12,271Poland
97%
13,674Lithuania
96%
1,813Kosovo
96%
9,615Romania
96%
19,100Czech Republic
95%
13,400Croatia
95%
13,231Hungary
94%
3,500Bosnia and Herzegovina
94%
4,669Macedonia
92%
1,483Moldova
92%
6,658Montenegro
91%
12,487Russia
90%

Score Distribution

Percentile by Number Answered

Percent of People with Each Score

Your Score History

You have not taken this quiz